Vocabulari de maquinària agrícola (Registre núm. 51696)
[ vista simple ]
| 000 -LEADER | |
|---|---|
| campo de control de longitud fija | 00766aab a2200265a 44500 |
| 008 - DATOS DE LONGITUD FIJA--INFORMACIÓN GENERAL | |
| campo de control de longitud fija | 940211s1990 cat |
| 041 ## - CÓDIGO DE IDIOMA | |
| Código de lengua del texto/banda sonora o título independiente | cat |
| 080 ## - NÚMERO DE LA CLASIFICACIÓN DECIMAL UNIVERSAL | |
| Número de la Clasificación Decimal Universal | 631.3 |
| 110 ## - ENTRADA PRINCIPAL--NOMBRE DE ENTIDAD CORPORATIVA | |
| Nombre de entidad corporativa o nombre de jurisdicción como elemento de entrada | Catalunya. Generalitat. Departament d'Agricultura, Ramaderia i Pesca |
| 9 (RLIN) | 61890 |
| 245 ## - MENCIÓN DEL TÍTULO | |
| Título | Vocabulari de maquinària agrícola |
| 245 ## - MENCIÓN DEL TÍTULO | |
| Mención de responsabilidad, etc. | Catalunya. Generalitat. Departament d'Agricultura, Ramaderia i Pesca. |
| 260 ## - PUBLICACIÓN, DISTRIBUCIÓN, ETC. | |
| Fecha de publicación, distribución, etc. | 1990 |
| 300 ## - DESCRIPCIÓN FÍSICA | |
| Extensión | p. 1-2 |
| 520 ## - RESUMEN, ETC. | |
| Nombre de termes | 135 |
| 592 ## - Tipus obra | |
| Tipus d'obra | Obra terminològica |
| 593 ## - Codi CGAT | |
| Codi de la CGAT | FB |
| 650 ## - PUNTO DE ACCESO ADICIONAL DE MATERIA--TÉRMINO DE MATERIA | |
| Término de materia o nombre geográfico como elemento de entrada | maquinària agrícola |
| 9 (RLIN) | 61431 |
| 773 ## - ASIENTO DE ITEM FUENTE | |
| Parte(s) relacionada(s) | (<1990>), núm 14 |
| 773 ## - ASIENTO DE ITEM FUENTE | |
| Título | Qüestions de llengua |
| 901 ## - ELEMENTOS DE DATOS A LOCAL LDA (RLIN) | |
| c | (<1990>) |
| 902 ## - ELEMENTOS DE DATOS B LOCAL, LDB (RLIN) | |
| a | 940211 |
| 942 ## - ELEMENTOS DE ENTRADA SECUNDARIOS (KOHA) | |
| Tipo de ítem Koha | Article de revista |
| Suprimir en OPAC | No |
| Estatus retirado | Estado de pérdida | Estado de daño | No para préstamo | Biblioteca de origen | Biblioteca actual | Fecha de adquisición | Total de préstamos | Signatura topográfica completa | Código de barras | Visto por última vez | Precio de reemplazo | Tipo de ítem Koha |
|---|---|---|---|---|---|---|---|---|---|---|---|---|
| TERMCAT | TERMCAT | 11/02/1994 | Hemeroteca | 00744 | 30/09/2021 | 30/09/2021 | AS |